Лидерство в студенческой среде (на примере Цзилиньского университета г. Чанчунь, КНР); Т. 3

Dades bibliogràfiques
Parent link:Т. 3.— 2009.— С. 123-124
Autor principal: Шамраева Е. А.
Idioma:rus
Publicat: 2009
Matèries:
Format: MixedMaterials Capítol de llibre
KOHA link:https://koha.lib.tpu.ru/cgi-bin/koha/opac-detail.pl?biblionumber=176616

MARC

LEADER 00000naa2a2200000 4500
001 176616
005 20231031165344.0
035 |a (RuTPU)RU\TPU\book\191503 
090 |a 176616 
100 |a 20100302d2009 k y0rusy50 ca 
101 0 |a rus 
102 |a RU 
200 1 |a Лидерство в студенческой среде (на примере Цзилиньского университета г. Чанчунь, КНР)  |f Е. А. Шамраева 
320 |a Библиогр.: 3 назв. 
463 0 |0 (RuTPU)RU\TPU\book\186924  |t Т. 3  |v С. 123-124  |d 2009  |p 286 с. 
610 1 |a студенты 
610 1 |a лидерство 
610 1 |a КНР 
610 1 |a Цзилиньский университет 
610 1 |a Чанчунь 
610 1 |a студенческий коллектив 
610 1 |a труды учёных ТПУ 
700 1 |a Шамраева  |b Е. А. 
801 1 |a RU  |b 63413507  |c 20100302 
942 |c BK